Spoločensky zodpovedné podnikanie s aplikáciou na konkrétny projekt bakalárska práca

Salvato in:
Dettagli Bibliografici
Autore principale: Gaffová, Jana
Ente Autore: Obchodná fakulta EU. Katedra marketingu
Altri autori: Paholková, Barbora
Natura: Libro
Lingua:slovacco
Pubblicazione: Bratislava 2018
Tags: Aggiungi Tag
Nessun Tag, puoi essere il primo ad aggiungerne!!

MARC

LEADER 00000nbm a2200000 4500
001 0244994
005 20180815083342.9
041 0 |a slo 
044 |a SK 
245 1 0 |a Spoločensky zodpovedné podnikanie s aplikáciou na konkrétny projekt  |b bakalárska práca  |c Jana Gaffová ; školiteľ: Barbora Paholková 
264 1 |a Bratislava  |c 2018 
300 |a 49 s. 
100 1 |a Gaffová, Jana 
700 1 |a Paholková, Barbora 
710 2 |a Obchodná fakulta EU. Katedra marketingu